| 000 | 01132cam a22002771 4500 | ||
|---|---|---|---|
| 001 | gs 58000208 | ||
| 003 | DLC | ||
| 005 | 20260227111406.0 | ||
| 008 | 780715s1958 dcuab b f000 0 eng | ||
| 010 | _ags 58000208 | ||
| 035 | _a(OCoLC)4055372 | ||
| 040 |
_aDLC _cOClU _dOCoLC _dDLC |
||
| 050 | 0 | 0 |
_aQE75 _b.P9 no. 308 |
| 051 |
_aQE86.Y3 _bA63 |
||
| 082 | _a557.91 | ||
| 100 | 1 |
_aAnderson, Charles Alfred, _d1902- |
|
| 245 | 0 | 0 |
_aGeology and ore deposits of the Jerome area, Yavapoi County, Arizona, _cby C. A. Anderson and S. C. Creasey. With sections on the United Verde Extension mine, by G. W. H. Norman, and on the Cherry Creek mining district, by R. E. Lehner. |
| 260 |
_aWashington, _bU.S. Govt. Print. Off., _c1958. |
||
| 300 |
_avi, 185 p. _billus., maps. _c29 cm. |
||
| 410 | 2 | 0 |
_aGeological Survey (U.S.). _tProfessional paper, _v308 |
| 500 | _aPart of illustrative matter folded and colored in pocket. | ||
| 504 | _aBibliography: p. 178-181. | ||
| 650 | 0 |
_aGeology _zArizona _zYavapai County |
|
| 650 | 0 |
_aOre deposits _zArizona _zYavapai County |
|
| 700 | 1 |
_aCreasey, S. C. _q(Saville Cyrus), _d1917- _ejoint author. |
|
| 999 |
_c29263 _d29263 |
||